Kevin Costner Filmography - Statistics

General Stats
  • This quiz has been taken 429 times
    81 since last reset
  • The average score is 21 of 104
Answer Stats
Type Year Name % Correct
Film 1990 Dances with Wolves
84%
TV Show 2018-2024 Yellowstone
74%
Film 1987 The Untouchables
71%
Film 1995 Waterworld
68%
Film 1992 The Bodyguard
65%
Film 1989 Field of Dreams
58%
Film 1991 JFK
55%
Film 2013 Man of Steel
55%
Film 1991 Robin Hood: Prince of Thieves
55%
Film 1997 The Postman
55%
Film 2014 Draft Day
48%
Film 1994 Wyatt Earp
48%
Film 1988 Bull Durham
45%
Film 2003 Open Range
45%
Film 1996 Tin Cup
45%
Film 1999 Message in a Bottle
42%
Film 2016 Hidden Figures
39%
Film 2024 Horizon: An American Saga - Chapter 1
39%
Film 2024 Horizon: An American Saga - Chapter 2
39%
Film TBA Horizon: An American Saga - Chapter 3
39%
Film 1993 A Perfect World
35%
Film 2016 Batman v Superman: Dawn of Justice
35%
Film 1999 For Love of the Game
35%
Film 1987 No Way Out
35%
Film 2007 Mr. Brooks
32%
Film 1985 Silverado
32%
Film 2019 The Highwaymen
32%
Film 1990 Revenge
29%
Film 2005 Rumor Has It
29%
Film 2006 The Guardian
29%
Film 2001 3000 Miles to Graceland
26%
Film 2020 Let Him Go
26%
Film 2015 McFarland, USA
26%
Film 2017 Molly's Game
26%
Film 1985 American Flyers
23%
Documentary 2012 America's Feud: Hatfields & McCoys
23%
TV Mini-Series 2012 Hatfields & McCoys
23%
Film 2014 Jack Ryan: Shadow Recruit
23%
Documentary Series 2025 Kevin Costner's The West
23%
Film 2008 Swing Vote
23%
Film 2019 The Art of Racing in the Rain
23%
Film 1994 The War
23%
Film 2000 Thirteen Days
23%
Film 2014 3 Days to Kill
19%
Film 2002 Dragonfly
19%
Film 2010 The Company Men
19%
Film 2005 The Upside of Anger
19%
TV Film 2021 Zack Snyder's Justice League
19%
Film 2014 Black or White
16%
Film 1985 Fandango
16%
Film 2016 Criminal
13%
Film 1982 Night Shift
13%
Film 1981 Sizzle Beach, U.S.A.
13%
Film 1982 Frances
10%
Documentary 1992 Oliver Stone: Inside Out
10%
Film 1983 Table for Five
10%
Film 1989 The Gunrunner
10%
Film 2009 The New Daughter
10%
Documentary Series 2022 Yellowstone: One-Fifty
10%
Documentary Mini-Series 1995 500 Nations
6%
Documentary 1994 A Century of Cinema
6%
TV Show 1985 Amazing Stories
6%
TV Documentary 2015 Billy the Kid: New Evidence
6%
Film 1982 Chasing Dreams
6%
Documentary 2016 Fastball
6%
Short Film 2011 Field of Dreams 2: Lockout
6%
Film 1999 Play It to the Bone
6%
Documentary 1997 Sean Connery: An Intimate Portrait
6%
Film 1984 Shadows Run Black
6%
Film 1983 Stacy's Knights
6%
Commercial 1999 Subaru Legacy
6%
Film 1983 Testament
6%
TV Special 1990 The Earth Day Special
6%
Short Film 2001 The Road to Graceland
6%
Documentary Series 2025 Yellowstone to Yosemite with Kevin Costner
6%
Short Documentary 2004 America's Open Range
3%
Commercial 1983 Apple Lisa 2
3%
Documentary 2025 Beyond the Horizon
3%
Documentary Mini-Series 2021 Clint Eastwood: A Cinematic Legacy
3%
Short Documentary 2016 Custer State Park: Spirit of Tatanka
3%
Commercial 2011 Energetix
3%
Documentary 2006 Ever Again
3%
Commercial 2009 'Feel Like a Star' - Turkish Airlines
3%
TV Show 1993, 2008 Great Performances
3%
Film 2026 Headhunters
3%
Documentary 2006 Laffit: All About Winning
3%
TV Documentary 2008 NASCAR: The Ride of Their Lives
3%
Documentary 2006 On Native Soil
3%
TV Documentary 2010 Petty Blue
3%
Commercial 2014 Rio Mare Tuna
3%
Commercial 2001 Roots Canned Coffee
3%
Commercial 2014 Saupiquet Tuna Salad
3%
TV Special 2025 SNL50: The Anniversary Special
3%
Documentary 1998 Spirit: A Journey in Dance, Drums & Song
3%
Commercial 1988 Suntory Malt's Beer
3%
Documentary 2016 The Hurt Business
3%
Documentary 2014 The Man Who Saved the World
3%
TV Special 1998 To Life! America Celebrates Israel's 50th
3%
Commercial 2000 Valleverde
3%
TV Documentary 2000 When It Was a Game 3
3%
TV Show 2018 Kevin Costner & Modern West
0%
TV Special 2009 Kevin Costner & Modern West: Live at Revival
0%
Short Documentary 2017 The People of the Standing Stone: The Oneida Nation, the War for Independence, and the Making of America
0%
TV Show 1996 Very Important Pennis
0%
No matching quizzes found
Score Distribution
Percent of People with Each Score
Percentile by Number Answered
Your Score History
You have not taken this quiz since the last reset